Statistics for Major League All-Stars By Initials - A.B.

Click here to take the quiz!

General Stats

  • This quiz has been taken 2 times
  • The average score is 3 of 10

Answer Stats

HintAnswer% Correct
Third Baseman - 1x All-StarAaron Boone
100%
Pitcher - 2x All-StarAl Benton
50%
Outfielder - 5x All-StarAlbert Belle
50%
Starting Pitcher - 1x All-StarAndy Benes
50%
Third Baseman - 4x All-StarAdrian Beltre
0%
Starting Pitcher - 1x All-StarA.J. Burnett
0%
Center Fielder - 1x All-StarAl Bumbry
0%
Third Baseman - 1x All-StarAlex Bregman
0%
Relief Pitcher - 2x All-StarAndrew Bailey
0%
Relief Pitcher - 2x All-StarArmando Benitez
0%

Score Distribution

Percentile by Number Answered

Percent of People with Each Score

Your Score History

You have not taken this quiz